000 01492cai a22002295a 4500
001 L140972
008 070424u2007 xxkad f s 000 0 eng d
035 _a(Sirsi) u140972
041 0 _aeng
050 0 4 _a333.33 $2 18
110 2 _aSavills
_92020
245 0 0 _aSavills UK commercial development activity PMI
_bAugust 2007
_h[electronic resource]
260 _aLondon
_bSavills
_c2007
490 0 _aSavills UK Commercial Development Activity PMI
_vAugust 2007
520 _aReports the Total Commercial Activity Index was 58.2 in July, up from 56.2 in June. However, the rate of growth was below the average for the current nineteen-month period of expansion. Private sector development increased in July to 59.6 although the rate of growth remained well below March's high of 71.1. More than one-fifth of survey respondents reported an increase in public sector construction activity during the latest survey period, due to increased public sector new build, office construction and retail and leisure development. Reports higher levels of activity across all nine development areas covered by the survey with the strongest increases in activity were outside of London and the South East.
590 _aKA
650 2 4 _aSAVILLS UK COMMERCIAL DEVELOPMENT ACTIVITY PMI
651 4 _aEngland and Wales
_y1543-
690 _aPROPERTY-COMMERCIAL PROPERTY-COMMERCIAL PROPERTY MARKET
856 4 0 _uhttps://www.savills.com/
_zView the item free of charge at www.savills.com...
942 _n0
999 _c107585
_d107585